The declaration of His Highnesse Prince Rupert, Lord High Admirall of all the navy Royall, belonging to the Kings Majesty Charles the II. : Wherein hee cleareth himselfe from many scandalous rumours which have bin cast upon his reputation. Likewise his Highnesse resolution and intention; together with the rest of the officers of the Navy Royall. Touching the death of the late King, the illegall pretended power of Parliament. And their indeavours to inthrone the now King Charles the second. Also shewing their intentions to maintaine the lawes of the land, the liberty of the subject, and just rights and priviledges of a lawfull Parliament. /

Bibliographic Details
Main Author: Rupert, Prince, Count Palatine, 1619-1682
Format: eBook
Language:English
Published: [London : publisher not identified], Printed in the yeer, 1649.
Series:Early English books online.
Subjects:
Online Access:Connect to the full text of this electronic book

MARC

Tag First Indicator Second Indicator Subfields
LEADER 00000nam a2200000 4500
001 in00004285821
005 20200813075402.0
006 m g d
007 cr bn |||a|bb|
008 930419s1649 enk o 00| | eng d
035 |a (UnM)99863376 
037 |a CL0051000003  |b ProQuest Information and Learning. 300 N. Zeeb Rd., Ann Arbor, MI 48106 
040 |a Cu-RivES  |c Cu-RivES  |d CStRLIN  |e dcrb  |d WaOLN 
100 0 |a Rupert,  |c Prince, Count Palatine,  |d 1619-1682. 
245 1 4 |a The declaration of His Highnesse Prince Rupert, Lord High Admirall of all the navy Royall, belonging to the Kings Majesty Charles the II. :  |b Wherein hee cleareth himselfe from many scandalous rumours which have bin cast upon his reputation. Likewise his Highnesse resolution and intention; together with the rest of the officers of the Navy Royall. Touching the death of the late King, the illegall pretended power of Parliament. And their indeavours to inthrone the now King Charles the second. Also shewing their intentions to maintaine the lawes of the land, the liberty of the subject, and just rights and priviledges of a lawfull Parliament. /  |c Signed by the Princes owne hand aboard the Navy Royall, now riding an anchor upon the Downes, the 19.th of March, 1649. 
260 |a [London :  |b publisher not identified],  |c Printed in the yeer, 1649. 
300 |a 1 online resource (8 pages) 
336 |a text  |b txt  |2 rdacontent 
337 |a computer  |b c  |2 rdamedia 
338 |a online resource  |b cr  |2 rdacarrier 
500 |a Place of publication from Wing. 
500 |a Annotation on Thomason copy: "1648". 
500 |a Reproduction of the original in the British Library. 
510 4 |a Wing (2nd edition)  |c R2293. 
510 4 |a Thomason  |c E.546[28]. 
533 |a Electronic reproduction.  |b Ann Arbor, Mich. :  |c UMI,  |d 1999-  |f (Early English books online)  |n Digital version of: (Thomason Tracts ; 84:E546[28])  |7 s1999 miun s 
600 0 0 |a Charles  |b II,  |c King of England,  |d 1630-1685  |v Early works to 1800. 
651 4 |a Great Britain  |x History  |y Commonwealth and Protectorate, 1649-1660  |v Early works to 1800. 
651 4 |a Great Britain  |x Politics and government  |y 1649-1660  |v Early works to 1800. 
830 0 |a Early English books online. 
856 4 0 |u http://proxy.library.tamu.edu/login?url=https://search.proquest.com/docview/2240951361  |z Connect to the full text of this electronic book  |t 0 
999 f f |s 148f422c-2a58-3234-91c7-921e3e32fd09  |i 34067034-2683-3263-81b0-9111f8861a08  |t 0 
952 f f |a Texas A&M University  |b College Station  |c Electronic Resources  |d Available Online  |t 0  |h No information provided 
998 f f |t 0  |l Available Online